[Event "Tuimazy Bashkortostan Cup"]
[Site "Tuimazy"]
[Date "2015.09.25"]
[Round "10"]
[White "Shafikov, Artemy"]
[Black "Salmanov, Aidar"]
[Result "1-0"]
[WhiteElo "1292"]
[BlackElo "1239"]
[PlyCount "83"]
[EventDate "2015.09.12"]
[EventType "tourn"]
[EventRounds "11"]
[EventCountry "RUS"]
[SourceTitle "EXT 2016"]
[Source "ChessBase"]
[SourceDate "2015.10.08"]
[SourceVersion "1"]
[SourceVersionDate "2015.10.08"]
[SourceQuality "1"]

1. e4 c5 2. Nf3 d6 3. d4 cxd4 4. Nxd4 Nf6 5. f3 a6 6. Nc3 e6 7. Nb3 Be7 8. Be3 Qc7 9. Be2 0-0 10. 0-0 Nbd7 11. Qd2 b5 12. Rad1 Bb7 13. Bf4 e5 14. Be3 Rac8 15. a3 Nb6 16. Bg5 Nc4 17. Bxc4 Qxc4 18. Bxf6 Bxf6 19. Qxd6 Rfd8 20. Qb6 Qc6 21. Qxc6 Bxc6 22. Nc5 a5 23. Rxd8+ Rxd8 24. Rd1 Rxd1+ 25. Nxd1 Be7 26. Nb3 a4 27. Na5 Bc5+ 28. Kf1 Ba8 29. Nc3 Bb6 30. b4 axb3 31. Nxb3 Bc6 32. Ke2 Kf8 33. Na2 Ke8 34. Nb4 Bb7 35. Kd3 Kd7 36. c4 bxc4+ 37. Kxc4 Kd6 38. Kb5 Bg1 39. h3 h5 40. Na5 Ba8 41. Nc4+ Ke6 42. Na6 1-0

[Event "Tuimazy Bashkortostan Cup"]
[Site "Tuimazy"]
[Date "2015.09.24"]
[Round "9"]
[White "Salmanov, Aidar"]
[Black "Lastuvka, Roman"]
[Result "1-0"]
[WhiteElo "1239"]
[BlackElo "1027"]
[PlyCount "55"]
[EventDate "2015.09.12"]
[EventType "tourn"]
[EventRounds "11"]
[EventCountry "RUS"]
[SourceTitle "EXT 2016"]
[Source "ChessBase"]
[SourceDate "2015.10.08"]
[SourceVersion "1"]
[SourceVersionDate "2015.10.08"]
[SourceQuality "1"]

1. e4 e5 2. Nf3 Nc6 3. Bb5 a6 4. Ba4 b5 5. Bb3 Bc5 6. d3 Nf6 7. 0-0 d6 8. h3 0-0 9. Bg5 Be6 10. c3 Bb6 11. Re1 Qe7 12. d4 exd4 13. cxd4 h6 14. Bh4 Bxb3 15. axb3 Rad8 16. Rxa6 g5 17. Nxg5 hxg5 18. Bxg5 Kg7 19. d5 Ne5 20. Nc3 b4 21. Ne2 Rg8 22. Ng3 Kf8 23. Nf5 Qd7 24. Bxf6 Rb8 25. Qh5 Rg6 26. Qh8+ Rg8 27. Bg7+ Ke8 28. Qxg8# 1-0

[Event "Tuimazy Bashkortostan Cup"]
[Site "Tuimazy"]
[Date "2015.09.20"]
[Round "6"]
[White "Bigalin, Ilnar"]
[Black "Salmanov, Aidar"]
[Result "0-1"]
[WhiteElo "1226"]
[BlackElo "1239"]
[PlyCount "72"]
[EventDate "2015.09.12"]
[EventType "tourn"]
[EventRounds "11"]
[EventCountry "RUS"]
[SourceTitle "EXT 2016"]
[Source "ChessBase"]
[SourceDate "2015.10.08"]
[SourceVersion "1"]
[SourceVersionDate "2015.10.08"]
[SourceQuality "1"]

1. e4 c5 2. Nf3 d6 3. d4 cxd4 4. Nxd4 Nf6 5. Nc3 a6 6. Bg5 e6 7. Bc4 Be7 8. Bxf6 Bxf6 9. 0-0 0-0 10. Kh1 Qc7 11. Bb3 b5 12. f4 Bb7 13. f5 e5 14. Nde2 Be7 15. Qd3 Nd7 16. Bd5 Nf6 17. Bxb7 Qxb7 18. Ng3 Rac8 19. Qf3 b4 20. Nce2 Rxc2 21. Nh5 Nxh5 22. Qxh5 Qxe4 23. Rae1 Bh4 24. f6 Bxe1 25. fxg7 Kxg7 26. Qg5+ Qg6 27. Qe3 Bd2 28. Qf3 Bg5 29. Ng3 Rfc8 30. Nf5+ Kh8 31. h4 Rc1 32. hxg5 Rxf1+ 33. Qxf1 Qxg5 34. Qf2 Qh5+ 35. Nh4 Rc4 36. g3 Qd1+ 0-1